000
00273nam a22001097a 4500
041
_a
ENG
245
_a
A Bibliography Of Farm Bulidigs Research Part V
260
_a
Landon
_b
Agricultural Research Council
_c
1961
300
_a
43
650
_a
APE ( 02 )
856
_u
APE ( 02 )
999
_c
2872
_d
2872